000 00652nam a22002177a 4500
003 UA-OsUOA
001 67052
007 ta
008 20100209b un ||||| |||| 00| 0 ukr d
100 _aСоловйова Н.І.
090 _a330(477)
_bС60
942 _cSA
040 _aUA-OsUOA
_bukr
_cUA-OsUOA
_dUA-OsUOA
245 _aПараметри системного прогнозування в аграрному секторі економіки
300 _aС.22-30
955 _a0
041 _aukr
080 _a330(477)
773 0 _w67046
_tЕкономіка АПК
_dК.
_d2010
_g1
650 7 _a330 Економіка взагалі
_2UDC
999 _c352997
_d352997